000 00263nam a22001217a 4500
003 SGT
082 _a618.1
_bH10H
100 _aHEAZELL, ALEXANDER
245 _aHYPERTENSION IN PREGNANCY
260 _aINDIA
_bCAMBRIDGE
_c2010
300 _a190
942 _2ddc
_cBK
999 _c14981
_d14981